| Поле | Инд. | ПП | Название | Значение |
|---|---|---|---|---|
| Тип записи | a | |||
| Библиографический уровень | m | |||
| 001 | Контрольный номер | d3348ce3d55c4278b75553979672a715 | ||
| 005 | Дата корректировки | 20260113153416.7 | ||
| 020 | a | ISBN | 978-5-7641-1153-7 | |
| 040 | b | Код языка каталог. | rus | |
| e | Правила каталог. | PSBO | ||
| 041 | 0_ | a | Код языка текста | rus |
| 080 | a | Индекс УДК | 656.2 | |
| 097 | b | Оператор | *Ж* | |
| 097 | b | Оператор | *Ир* | |
| 100 | 1_ | a | Автор | Журавлева Н.А. |
| 245 | 10 | a | Заглавие | Рынок транспортных услуг |
| b | Продолж. заглавия | учебное пособие | ||
| b | Продолж. заглавия | в составе учебно-методического комплекса | ||
| c | Ответственность | Петербургский государственный университет путей сообщения Императора Александра I | ||
| 260 | a | Место издания | Санкт-Петербург | |
| b | Издательство | Петербургский государственный университет путей сообщения Императора Александра I | ||
| c | Дата издания | 2018 | ||
| 440 | _0 | a | Серия | УМК-У |
| 516 | 8_ | a | Прим. о типе комп. файла/ данных | Текст : электронный |
| a | Прим. о типе комп. файла/ данных | Режим доступа: по подписке | ||
| a | Прим. о типе комп. файла/ данных | Дата обращения: 01.12.2022 | ||
| 520 | 0_ | a | Аннотация | В учебном пособии показана общая конфигурация транспортного рынка: его организация, структура, уровни конкуренции. Рассмотрена норматив но-регуляторная база рынка железнодорожных перевозок, в том числе статус и поведение субъектов рынка. Описаны этапы реформирования железнодорожного транспорта: цель и результаты реформы, перспективы дальнейших изменений на транспортном рынке. Приведена экономическая характеристика деятельности транспортных организаций, представлена система тарифообразования по различным видам перевозок. Показаны проблемы привлечения инвестиций и варианты финансирования развития транспортного рынка.Издание предназначено для бакалаврантов и магистрантов, обучающихся по направлениям «Экономика» и «Менеджмент», специалистов транспортно-логистической деятельности, работников экономических служб транспортных организаций. |
| 535 | 1_ | a | Хранилище | ЭБС Лань |
| 583 | a | Действие | Приписка : УМК | |
| 653 | 0_ | a | Ключевые слова | Рынок |
| 653 | 0_ | a | Ключевые слова | Транспортные услуги |
| 653 | 0_ | a | Ключевые слова | Железнодорожный транспорт |
| 655 | 07 | a | Жанр/ форма (устаревшее) | *У* |
| 773 | 18 | w | Контрольный № источника | 116026 |
| 856 | 40 | u | URL | https://e.lanbook.com/book/138111 |
| 901 | t | Тип документа | m | |
| 905 | b | Дата создания записи обработка | 23.12.22 | |
| c | Дата приписки | 13.01.26 | ||
| 952 | a | Тип литературы для КСУ ВШ | *У2* | |
| 952 | e | Факультет | *ФУСК* | |
| 990 | g | Размещение заказа (DOS) | ЭБС Лань | |
| 990 | c | Приоритет заказа (DOS) | *д* | |
| f | Даты поступлений (DOS) | 09.12.22 | ||
| j | Количество экземпляров (DOS) | 1 |